00359nam a2200133 450000500170000002000180001708200220003508400250005710000160008224500430009826000450014130000110018665000280019720251016160633.0 a9789360615901 a658.562Su BER/S 2Colon Classification aBerry, Mary aSupply chain management /c Mary Berry aNew Delhi : bPinakin Publishing,c2025. a296p.: aSupply chain management